• 首页
  • 本馆介绍
  • 公告通知
  • 最新文献
  • 馆藏检索
  • 电子资源
  • 读者导购
  • 参考咨询
  • 我的图书馆
  • 登录
  • 详细信息显示
  • 放入我的书架
  • 预约/预借图书
  • 作者相关作品
  • 分类相关作品
  • 丛书相关作品
  • 出版社相关作品

书目信息

  • 表格格式
  • 工作单格式
  • 卡片格式
题名:
无机晶体的结构、组成和性质
    
 
作者: 张思远 著
分册:  
出版信息: 北京   科学出版社  2012.1
页数: 260页
开本: 24cm
丛书名: 现代化学基础丛书
单 册:
中图分类: O7
科图分类:
主题词: 晶体学
电子资源:
ISBN: 978-7-03-033031-4
000 01173oam2 2200277 45
001 1359704499
005 20130529085606.28
010    @a978-7-03-033031-4@dCNY60.00
100    @a20130513d2012 em y0chiy50 ea
101 0  @achi
102    @aCN@b110000
105    @ay z 000yy
106    @ar
200 1  @a无机晶体的结构、组成和性质@AWu Ji Jing Ti De Jie Gou、 Zu Cheng He Xing Zhi@e晶格能、热膨胀、体模量和硬度@EJing Ge Neng、 Re Peng Zhang、 Ti Mo Liang He Ying Du@f张思远著@FZhang Si Yuan Zhu
210    @a北京@c科学出版社@d2012.1
215    @a260页@d24cm
225 2  @a现代化学基础丛书@v29
300    @a“十一五”国家重点图书出版规划项目
330    @a本书阐述了无机晶体的结构特征,以及晶格能、热膨胀、体模量、硬度等物理量的测量方法和理论计算方法,以及一种从结构出发估算晶体力学和热学性能的方法,内容涵盖基本概念、理论分析、公式推导、数据结果和物理规律等知识。
461  0 @12001 @a现代化学基础丛书
517 1  @a晶格能、热膨胀、体模量和硬度@AJing Ge Neng、 Re Peng Zhang、 Ti Mo Liang He Ying Du
606 0  @a晶体学
690    @aO7@v5
701  0 @a张思远@AZhang Si Yuan@f(1940.1~)@4著
801    @aCN@bTANGWEI@c20130522
905    @b0833390-93@dO7@e13@f4
    
    无机晶体的结构、组成和性质:晶格能、热膨胀、体模量和硬度/张思远著.-北京:科学出版社,2012.1
    260页;24cm.-(现代化学基础丛书;29)
    “十一五”国家重点图书出版规划项目
    
    ISBN 978-7-03-033031-4:CNY60.00
    本书阐述了无机晶体的结构特征,以及晶格能、热膨胀、体模量、硬度等物理量的测量方法和理论计算方法,以及一种从结构出发估算晶体力学和热学性能的方法,内容涵盖基本概念、理论分析、公式推导、数据结果和物理规律等知识。
●
相关链接 在E读中查询图书 在五车中查询图书 在当当中查询图书 在豆瓣中查询图书


正题名:无机晶体的结构、组成和性质     索取号:O7/13         预约/预借

序号 登录号 条形码 馆藏地/架位号 状态 备注
1 0833390   208333908   第二样本阅览室/ [索取号:O7/13] 在馆    
2 0833391   208333917   第三借阅区/ [索取号:O7/13] 在馆    
3 0833392   208333926   第三借阅区/ [索取号:O7/13] 在馆    
4 0833393   208333935   密集书库-化学系/ [索取号:O7/13] 在馆    
唐山师范学院图书馆 欢迎您!
大连网信软件有限公司© 版权所有